Responses for Show #5785 - Friday, November 6, 2009

2009 Teen Tournament quarterfinal game 5.

Contestants

[<< previous game]

Stephanie Radke, a senior from McLean, Virginia

Gabe Orlet, a senior from Belleville, Illinois

Hema Karunakaram, a senior from Saline, Michigan

[next game >>]

Jeopardy! Round responses

THE WORLD'S OCEANS
CELEBS
ANNUAL EVENTS
LAND MARKS
THEM'S FIGHTIN' WORDS!
THE TEENS
    $200 1
the Atlantic

Gabe
    $200 5
Ashley Tisdale

Gabe
    $200 6
the Super Bowl

Gabe
    $200 12
a canyon

Gabe
    $200 16
punch

Gabe
    $200 23
13

Hema
    $400 2
the Pacific

Hema
    $400 8
Scarlett Johansson

Stephanie
    $400 7
Hawaii

Stephanie
    $400 13
mountain climbing

Hema
    $400 17
kicking

Gabe
    $400 24
15

Gabe
    $400 3
the Indian Ocean

Hema
    $600 9
Robert Pattinson

Stephanie
    $600 28
watermelon

Gabe
    $600 15
(Stephanie: What is a glacier?)

a volcano

GabeStephanie
    $600 18
hook

Gabe
    $600 25
(Gabe: What is 15?)
(Stephanie: What is 17?)

16

HemaGabeStephanie
    $800 4
the Arctic Ocean

Stephanie
    $800 10
(Alex: Yes, of TV's Gossip Girl.)

Chace Crawford

Stephanie
    $800 29
reggae

Gabe
    $800 20
a shaft

Gabe
    $800 19
strike

Hema
    $800 26
(Alex: Yes, two weeks.)

14

Hema
    $1000 14
(Gabe: What is the Northern Ocean?)

the Southern Ocean

HemaGabe
    $1000 11
(Hema: Who is Benji Madden?)

Pete Wentz

HemaGabe
    $1000 30
Labor Day

Gabe
    $1000 21
a quarry

Gabe
    $1000 22
jab

Gabe
    $1000 27
19

Hema

Scores at the first commercial break (after clue 15):

Hema Gabe Stephanie
$1,200 $1,400 $2,400

Scores at the end of the Jeopardy! Round:

Hema Gabe Stephanie
$4,600 $7,600 $1,800

Double Jeopardy! Round responses

AMERICAN LITERATURE
POP TOPPERS
GET MOVING
FAMOUS LATINOS & LATINAS
2-LETTER SCRABBLE WORDS
THE TEENS
    $400 1
(Herman) Melville

Gabe
    $400 6
The Black Eyed Peas

Hema
    $400 14
rickshaw

Gabe
    $400 11
Sotomayor

Gabe
    $400 21
Do

Gabe
    $400 24
(Gabe: What is 1919?)
(Stephanie: What is 1914?)
(Hema: What is 1917?)

1918

HemaGabeStephanie
Triple Stumper
    $2,500 2
in the Rue Morgue

Gabe
    $800 7
Rihanna

Hema
    $800 15
electricity

Gabe
    $800 12
bullfighting

Stephanie
    $800 22
is

Stephanie
    $800 25
Norway

Stephanie
    $1200 3
Hawthorne

Hema
    $1200 8
Lady Gaga

Hema
    $1200 16
(Stephanie: What is a sled?)

a snowmobile

GabeStephanie
    $1200 13
(Gabe: Who is "Villagairosa"?)
...
(Alex: Yes, his wife's name.)

Raigosa

HemaGabe
    $1,500 23
ab

Stephanie
    $1200 26
Scotland

Stephanie
    $1600 4
Grover's Corners

Triple Stumper
    $1600 9
Leona Lewis

Hema
    $1600 17
(Stephanie: What is a battleship?)

(aircraft) carrier

GabeStephanie
    $1600 19
(Alex: What is [*]? Gordo... [*]... He's on a diet.)

fat

Triple Stumper
    $1600 29
pizza

Gabe
    $1600 27
Florida

Gabe
    $2000 5
Faulkner

Stephanie
    $2000 10
(Gabe: Uh, who is Beyoncé?)

Kelly Clarkson

GabeStephanie
    $2000 18
(Alex: [*]--omnibus, shortened to [*].)

bus

Gabe
    $2000 20
(Stephanie: What is Grenada?)

Cuba

Stephanie
Triple Stumper
    $2000 30
né

Gabe
    $2000 28
Lake Champlain

Triple Stumper

Scores at the end of the Double Jeopardy! Round:

Hema Gabe Stephanie
$10,600 $18,900 $5,700

Final Jeopardy! Round responses

STATE CAPITALS
(Alex: But, Hema Karunakaram, come on over here. You are going to be one of the semifinalists. And you get to come back next week. And here are the other semifinalists.)
(Will: Will Dantzler--Mount Pleasant, South Carolina.)
(Zach: Zach Blumenfeld--Lincolnshire, Illinois.)
(Gabriel: Gabriel Johnson--Teaneck, New Jersey.)
(Aidan: Aidan Mehigan--McLean, Virginia.)
(Alex: And remember, there are four other spots for high scorers among nonwinners, and here they are.)
(Lindsay: Lindsay Oxx--Longmeadow, Massachusetts.)
(Solomon: Solomon Howard--St. Petersburg, Florida.)
(Rachel: Rachel Rothenberg--Pittsburgh, Pennsylvania.)
(Alex: And there's room for one more, and guess who that is? Gabe, you qualify with $16,500. Come on over. You get to play again. All right. Congratulations to both of you. And the semifinals under way on Monday right here. We hope to see you then. So long, everybody.)
StephanieWhat Baton Rouge
$5,000
HemaWhat is Salt Lake City?
$8,301
GabeWhat is [pretzel-shaped scribble]
$2,400
Salt Lake City

Final scores:

Hema Gabe Stephanie
$18,901 $16,500 $700
Automatic semifinalist 2nd place: $5,000 if eliminated 3rd place: $5,000 if eliminated

Game dynamics:

Coryat scores:

Hema Gabe Stephanie
$10,800 $17,200 $5,400
15 R
(including 1 DD),
2 W
28 R
(including 1 DD),
5 W
12 R
(including 1 DD),
6 W

Combined Coryat: $33,400

[game clues] [game scores] [suggest correction]

Game tape date: 2009-08-17
The J! Archive is created by fans, for fans. Scraping, republication, monetization, and malicious use prohibited; this site may use cookies and collect identifying information. See terms. The Jeopardy! game show and all elements thereof, including but not limited to copyright and trademark thereto, are the property of Jeopardy Productions, Inc. and are protected under law. This website is not affiliated with, sponsored by, or operated by Jeopardy Productions, Inc. Join the discussion at JBoard.tv.